000 00822cam a22002534a 4500
001 15228461
005 20180309073418.0
008 080321s2008 caua 000 0 eng
010 _a 2008272045
020 _a9780495012320
020 _a0495012327
040 _aDLC
_cDLC
_dDLC
041 _aeng
080 _a515.076
082 0 0 _a515.076 STE
_222
100 1 _a36
101 _aMAT
245 1 0 _aComplete solutions manual for Single variable calculus, sixth edition /
_cDaniel Anderson, Jeffery A. Cole, Daniel Drucker.
246 3 0 _asingle variable calculus
246 1 4 _aComplete solutions manual for Stewart's Single variable calculus
906 _a7
_bcbc
_corignew
_d2
_encip
_f20
_gy-gencatlg
942 _2ddc
_cBK
999 _c44584
_d44584